000
00315nam a2200133Ia 4500
100
_a
Millman/Jacob
942
_c
BK
654
_a
integrated
245
_a
Integrated Electronics:Analog and digital circuits
260
_b
McGraw Hill
_a
Tokyo
_c
1986
082
_a
621.38179
_b
MIL
300
_a
911
546
_a
ENGLISH
999
_c
35689
_d
35689